00665nam a2200205Ia 4500003000400000005001700004008004100021020001800062040000700080041000800087082001900095100005100114245007000165260004100235300002000276365000800296942001200304999001900316952012400335OSt20230427110007.0210423s2010 xx 000 0 und d a9788126511457 cAL aeng a658223b ELDL aELDENBURG (Leslie G);WOLCOTT (Susan K).993813 aCost management: measuring monitoring and motivating performance. aNew DelhibWiley India Pvt Ltdc2010 axlvi,704,vibPB cINR 2ddccBK c161185d161185 001040708MCOMaSACPGbSACPGd2013-03-21eKnowledge Worldl0o658 ELDLpPG007666r2022-08-24 00:00:00w2021-04-26yBK